[Event "Frankfurt Ch A 2017"]
[Site "Ffm-Höchst, BiKuZ"]
[Date "2018.04.30"]
[Round "1.1"]
[White "Kautz, Thomas"]
[Black "Poetsch, Hagen"]
[Result "0-1"]
[WhiteElo "1763"]
[BlackElo "2505"]
[PlyCount "62"]
[EventDate "2018.??.??"]
[WhiteTeam "SK Niederbrechen"]
[BlackTeam "SC Heusenstamm"]

1. d4 Nf6 2. Nf3 c5 3. c4 cxd4 4. Nxd4 e5 5. Nb5 d5 6. cxd5 a6 7. N5c3 Bc5 8.
e3 O-O 9. Be2 e4 10. O-O Qe7 11. Nd2 b5 12. Qc2 Bf5 13. Nb3 Bd6 14. Nd4 Qe5 15.
g3 Bg6 16. a3 Nbd7 17. Nc6 Qg5 18. b4 Rac8 19. Rd1 Ne5 20. Nxe5 Bxe5 21. Bb2
Bh5 22. Rac1 Bxc3 23. Bxc3 Rxc3 24. Qxc3 Bxe2 25. Rd2 Bf3 26. h4 Qf5 27. Kh2
Ng4+ 28. Kg1 Ne5 29. Kh2 Bg4 30. d6 Nf3+ 31. Kg2 Bh3+ 0-1

[Event "Frankfurt Ch A 2017"]
[Site "Ffm-Höchst, BiKuZ"]
[Date "2018.04.30"]
[Round "1.2"]
[White "Milov, Leonid"]
[Black "Worzelberger, Armin"]
[Result "1-0"]
[WhiteElo "2428"]
[BlackElo "1762"]
[PlyCount "61"]
[EventDate "2018.??.??"]
[WhiteTeam "SC Noris-Tarrasch Nürnberg"]
[BlackTeam "SC Brett vorm Kopp"]

1. e4 c5 2. Nf3 Nc6 3. d4 cxd4 4. Nxd4 e5 5. Nb5 a6 6. Nd6+ Bxd6 7. Qxd6 Qe7 8.
Qd1 h5 9. Nc3 Nf6 10. a3 d6 11. Bg5 Be6 12. Qd2 Rc8 13. Bd3 h4 14. h3 Qc7 15.
O-O-O Nd4 16. Kb1 b5 17. Be3 Ke7 18. f4 b4 19. axb4 Rb8 20. fxe5 dxe5 21. Nd5+
Bxd5 22. exd5 Nxd5 23. Bxd4 exd4 24. Qg5+ Nf6 25. Qxg7 Nd5 26. Rhe1+ Kd6 27.
Qxd4 Rxb4 28. c4 Rxb2+ 29. Kxb2 Qb6+ 30. Qxb6+ Nxb6 31. Kc3 1-0

[Event "Frankfurt Ch A 2017"]
[Site "Ffm-Höchst, BiKuZ"]
[Date "2018.04.30"]
[Round "1.3"]
[White "Pham, Phuong-Bao"]
[Black "Legde, Georg"]
[Result "0-1"]
[WhiteElo "1757"]
[BlackElo "2273"]
[PlyCount "62"]
[EventDate "2018.??.??"]
[WhiteTeam "Frankfurter TV"]
[BlackTeam "Freibauer Mörlenbach"]

1. c4 e6 2. Nf3 Nf6 3. d4 Bb4+ 4. Bd2 c5 5. Bxb4 cxb4 6. Nbd2 O-O 7. e4 d6 8.
Bd3 e5 9. O-O Re8 10. Qb3 a5 11. a3 Na6 12. axb4 Nxb4 13. d5 Nd7 14. Bb1 Nc5
15. Qc3 Bd7 16. b3 Qb6 17. Ne1 a4 18. Nd3 Nbxd3 19. Bxd3 axb3 20. Rfb1 Rxa1 21.
Rxa1 Ba4 22. Rb1 Rc8 23. Be2 g6 24. Bg4 Ra8 25. h4 Rf8 26. Bd1 f5 27. Bf3 fxe4
28. Bxe4 Rxf2 29. Kh1 Rxd2 30. Qxd2 Nxe4 31. Qe2 Ng3+ 0-1

[Event "Frankfurt Ch A 2017"]
[Site "Ffm-Höchst, BiKuZ"]
[Date "2018.04.30"]
[Round "1.4"]
[White "Minor, Samuel"]
[Black "Hinz, André"]
[Result "1/2-1/2"]
[WhiteElo "2225"]
[BlackElo "1746"]
[PlyCount "72"]
[EventDate "2018.??.??"]
[WhiteTeam "Wiesbadener SV"]
[BlackTeam "SC Brett vorm Kopp"]

1. e4 Nc6 2. Nf3 d6 3. d4 Nf6 4. Nc3 g6 5. h3 Bg7 6. Bg5 O-O 7. Qd2 e5 8. O-O-O
exd4 9. Nxd4 Re8 10. Bc4 Nxd4 11. Qxd4 Be6 12. e5 dxe5 13. Qh4 Qe7 14. Ne4 Bxc4
15. Bxf6 Qe6 16. Bxg7 Kxg7 17. Ng5 Qf5 18. Kb1 h6 19. Qxc4 hxg5 20. g4 Qf3 21.
Rc1 c6 22. Rhd1 Rad8 23. Rxd8 Rxd8 24. Qc5 Rd5 25. Qxa7 Rb5 26. b3 c5 27. c4
Qd3+ 28. Rc2 Qd1+ 29. Kb2 Qd4+ 30. Kc1 Qa1+ 31. Kd2 Rxb3 32. Qxc5 Rb1 33. Kd3
Re1 34. Qb6 e4+ 35. Kd2 Rd1+ 36. Ke2 Re1+ 1/2-1/2

[Event "Frankfurt Ch A 2017"]
[Site "Ffm-Höchst, BiKuZ"]
[Date "2018.04.30"]
[Round "1.5"]
[White "Zeyen, Helmut"]
[Black "Uwira, Oliver"]
[Result "0-1"]
[WhiteElo "1730"]
[BlackElo "2186"]
[PlyCount "66"]
[EventDate "2018.??.??"]
[WhiteTeam "Wiesbadener SV"]
[BlackTeam "SC Nied"]

1. e4 c5 2. Nc3 Nc6 3. f4 g6 4. Nf3 Bg7 5. Bb5 Nd4 6. Bc4 d6 7. d3 Bg4 8. Bxf7+
Kxf7 9. Ng5+ Ke8 10. Qxg4 Nxc2+ 11. Kd2 Nxa1 12. Ne6 Qc8 13. Nd5 Nf6 14. Nxg7+
Kf7 15. Qg5 h6 16. Qh4 Kxg7 17. b3 Rf8 18. Bb2 Nxb3+ 19. axb3 Kh7 20. g4 Nxd5
21. exd5 Rf7 22. Re1 Qg8 23. Qg3 Raf8 24. Re4 Re8 25. h4 h5 26. Re6 hxg4 27. h5
gxh5 28. d4 Rf5 29. Qd3 Qf7 30. dxc5 dxc5 31. Qe4 Kg8 32. Re5 Rxe5 33. Qxe5 Qf6
0-1

[Event "Frankfurt Ch A 2017"]
[Site "Ffm-Höchst, BiKuZ"]
[Date "2018.04.30"]
[Round "1.6"]
[White "Karsay, Pascal"]
[Black "Lemonidis, Christos"]
[Result "1-0"]
[WhiteElo "2174"]
[BlackElo "1739"]
[PlyCount "55"]
[EventDate "2018.??.??"]
[WhiteTeam "SK Gau-Algesheim"]
[BlackTeam "SC Nied"]

1. e4 d6 2. d4 g6 3. Nc3 Bg7 4. Be3 Nf6 5. Qd2 Ng4 6. Bg5 f6 7. Bh4 Be6 8. h3
Nh6 9. f4 a6 10. Nf3 Nd7 11. g4 Nb6 12. d5 Bd7 13. a4 Nf7 14. a5 Nc8 15. Bd3
Na7 16. Nd1 c5 17. Ne3 Bb5 18. O-O Qc7 19. Nc4 Bxc4 20. Bxc4 g5 21. fxg5 fxg5
22. Nxg5 Nxg5 23. Qxg5 Bd4+ 24. Kg2 O-O-O 25. Qxe7 Qxe7 26. Bxe7 Rde8 27. Bxd6
Bxb2 28. Rab1 1-0

[Event "Frankfurt Ch A 2017"]
[Site "Ffm-Höchst, BiKuZ"]
[Date "2018.04.30"]
[Round "1.7"]
[White "Diehl, Stefan"]
[Black "Nehmert, Ulrich"]
[Result "1/2-1/2"]
[WhiteElo "1725"]
[BlackElo "2149"]
[PlyCount "43"]
[EventDate "2018.??.??"]
[WhiteTeam "SC Höchst"]
[BlackTeam "Wiesbadener SV"]

1. f4 e5 2. fxe5 d6 3. exd6 Bxd6 4. Nf3 g5 5. g3 g4 6. Nh4 f5 7. d4 f4 8. Qd3
Nc6 9. c3 Qe7 10. Ng2 f3 11. Nf4 Nf6 12. Qe3 Bf5 13. Qxe7+ Kxe7 14. exf3 Rae8
15. Bg2 Kd7+ 16. Kf2 h5 17. Na3 h4 18. Re1 gxf3 19. Rxe8 Ng4+ 20. Kxf3 Nxh2+
21. Kf2 Ng4+ 22. Kf3 1/2-1/2

[Event "Frankfurt Ch A 2017"]
[Site "Ffm-Höchst, BiKuZ"]
[Date "2018.04.30"]
[Round "1.8"]
[White "Zimmermann, Rolf"]
[Black "Hitzer, Dieter"]
[Result "1-0"]
[WhiteElo "2124"]
[BlackElo "1725"]
[PlyCount "51"]
[EventDate "2018.??.??"]
[WhiteTeam "SC Tornado Hochneukirch"]
[BlackTeam "Bad Vilbeler Sfr"]

1. c4 c5 2. Nc3 Nf6 3. g3 g6 4. Bg2 Bg7 5. e3 O-O 6. Nge2 d6 7. O-O Nc6 8. Rb1
e5 9. b3 Re8 10. Bb2 e4 11. h3 h5 12. Nd5 Nxd5 13. cxd5 Nb4 14. Bxg7 Kxg7 15.
Nc3 f5 16. d4 Nd3 17. f3 cxd4 18. fxe4 dxc3 19. Qxd3 Qg5 20. Qxc3+ Kg8 21. Kh2
Qe7 22. exf5 Bxf5 23. e4 Rac8 24. Qd4 Bxe4 25. Rbe1 Rc2 26. Rf2 1-0

[Event "Frankfurt Ch A 2017"]
[Site "Ffm-Höchst, BiKuZ"]
[Date "2018.04.30"]
[Round "1.9"]
[White "Bratmann, Marc"]
[Black "Neininger, Ralph"]
[Result "0-1"]
[WhiteElo "1718"]
[BlackElo "2123"]
[PlyCount "78"]
[EventDate "2018.??.??"]
[WhiteTeam "TuS Dotzheim"]
[BlackTeam "Frankfurter TV"]

1. e4 e6 2. d4 d5 3. exd5 exd5 4. Nf3 Bd6 5. c4 dxc4 6. Bxc4 Nf6 7. Qe2+ Be7 8.
h3 O-O 9. O-O Bf5 10. Nc3 Nc6 11. Be3 Nb4 12. Rac1 c6 13. Ne5 Nbd5 14. Qf3 Be6
15. Ne4 Nxe4 16. Qxe4 Nf6 17. Qc2 Bxc4 18. Qxc4 Qa5 19. Bg5 Nd5 20. Bxe7 Nxe7
21. Qb3 Qc7 22. Rfe1 Rad8 23. Re4 Qb6 24. Qxb6 axb6 25. Rce1 Nd5 26. Nf3 f6 27.
a3 Kf7 28. Kf1 Rd7 29. g3 Ra8 30. h4 b5 31. Ke2 b4 32. axb4 Ra2 33. Kd3 Rxb2
34. Nd2 Rxb4 35. Ra1 g6 36. Ra8 f5 37. Ree8 Nc7 38. Rf8+ Ke7 39. Rac8 Rbxd4+
0-1

[Event "Frankfurt Ch A 2017"]
[Site "Ffm-Höchst, BiKuZ"]
[Date "2018.04.30"]
[Round "1.10"]
[White "Weber, Samuel"]
[Black "Rauscher, Joachim"]
[Result "1-0"]
[WhiteElo "2119"]
[BlackElo "1712"]
[PlyCount "81"]
[EventDate "2018.??.??"]
[WhiteTeam "SV Oberursel"]
[BlackTeam "SC Brett vorm Kopp"]

1. Nf3 d5 2. g3 Nf6 3. Bg2 e6 4. d3 Be7 5. O-O O-O 6. Nbd2 c6 7. b3 Nbd7 8. Bb2
b6 9. c4 Ba6 10. Qc2 Rc8 11. Rac1 c5 12. e3 Qc7 13. Qb1 Qb8 14. Qa1 Rfd8 15.
Ne5 Nxe5 16. Bxe5 Qb7 17. e4 Qd7 18. exd5 exd5 19. cxd5 Qf5 20. Nc4 Bxc4 21.
dxc4 Ne8 22. Rfe1 Nf6 23. Qb1 Qxb1 24. Rxb1 Kf8 25. Rbd1 Ne8 26. Bh3 Ra8 27.
Rd3 Nd6 28. Bxg7+ Kxg7 29. Rxe7 b5 30. cxb5 Nxb5 31. Be6 Nd6 32. Rf3 Rf8 33.
Rd7 Rad8 34. Rxa7 Ne4 35. Rfxf7+ Rxf7 36. Rxf7+ Kg6 37. f4 Nd6 38. Rd7 Rxd7 39.
Bxd7 c4 40. bxc4 Nxc4 41. Bb5 1-0

[Event "Frankfurt Ch A 2017"]
[Site "Ffm-Höchst, BiKuZ"]
[Date "2018.04.30"]
[Round "1.11"]
[White "Stoll, Ulrich"]
[Black "Medvedovski, Michael"]
[Result "1/2-1/2"]
[WhiteElo "1701"]
[BlackElo "2115"]
[PlyCount "138"]
[EventDate "2018.??.??"]
[WhiteTeam "Bad Vilbeler Sfr"]
[BlackTeam "Frankfurter TV"]

1. e4 c5 2. Nc3 Nc6 3. f4 g6 4. Nf3 Bg7 5. Bb5 Nd4 6. O-O Nxb5 7. Nxb5 d5 8.
exd5 a6 9. Nc3 Nf6 10. d3 Nxd5 11. Nxd5 Qxd5 12. Qe1 b6 13. Qe4 Bb7 14. Qxd5
Bxd5 15. Ne5 e6 16. b3 f6 17. Nc4 Rb8 18. Rb1 Bf8 19. Bb2 Be7 20. Rbe1 Kd7 21.
Ne3 Bc6 22. Ng4 Rbf8 23. Re2 h5 24. Nf2 Re8 25. Ne4 Rhf8 26. Rd1 Kc7 27. Rde1
Bd7 28. a4 Rb8 29. Ba3 Rbd8 30. a5 Kc6 31. axb6 Kxb6 32. Nd2 Rg8 33. Ne4 Rgf8
34. Nd2 Kc6 35. Ne4 Rf7 36. Ra1 Kb6 37. Nd2 Ra8 38. Nc4+ Kc6 39. Bb2 Bd8 40.
Bc3 Bc7 41. Bd2 Ra7 42. Be3 Kd5 43. b4 Rb7 44. bxc5 e5 45. Nd6 Bxd6 46. cxd6
exf4 47. Bxf4 g5 48. Bg3 h4 49. Bf2 Kxd6 50. Rxa6+ Kc7 51. Be1 Rb1 52. Kf2 Kb7
53. Ra5 Bc6 54. c4 Rd7 55. Ra3 Rd6 56. Rd2 Rd4 57. g3 Kb6 58. Rda2 Kc5 59. Ra5+
Kd6 60. Bb4+ Rxb4 61. Ke3 Rg4 62. gxh4 Rxh4 63. Rf2 Rb3 64. Rxf6+ Kc7 65. Rc5
Rh3+ 66. Kf2 Rxh2+ 67. Kg1 Rc2 68. Rcxc6+ Kb7 69. Rce6 Rxd3 1/2-1/2

[Event "Frankfurt Ch A 2017"]
[Site "Ffm-Höchst, BiKuZ"]
[Date "2018.04.30"]
[Round "1.12"]
[White "Chandler, Patrick"]
[Black "Stuhlmann, Florian"]
[Result "1-0"]
[WhiteElo "2102"]
[BlackElo "1699"]
[PlyCount "73"]
[EventDate "2018.??.??"]
[WhiteTeam "SC Nied"]
[BlackTeam "SC Lindenholzhausen"]

1. d4 d5 2. Nf3 Nf6 3. Bf4 c5 4. c3 Nc6 5. e3 Qb6 6. Na3 a6 7. Rb1 c4 8. Nc2
Bf5 9. Be2 h6 10. O-O e6 11. Nd2 Qd8 12. b3 b5 13. Bf3 Bd6 14. bxc4 bxc4 15.
Nxc4 Bxf4 16. exf4 O-O 17. N4e3 Bh7 18. Rb2 Qc7 19. c4 dxc4 20. Nxc4 Rab8 21.
N2e3 Nb4 22. Ne5 Qc3 23. Rb3 Qc7 24. Qd2 Nbd5 25. Rc1 Qd6 26. N3c4 Qc7 27. Na5
Qd6 28. Nb7 Rxb7 29. Rxb7 Ne4 30. Qe1 Nef6 31. g3 Qa3 32. Bg2 Qa4 33. Nxf7 Qxd4
34. Qxe6 Re8 35. Rc8 Qd1+ 36. Bf1 Bd3 37. Ng5+ 1-0

[Event "Frankfurt Ch A 2017"]
[Site "Ffm-Höchst, BiKuZ"]
[Date "2018.04.30"]
[Round "1.13"]
[White "Weiland, Thomas"]
[Black "Sandten, Ulrich"]
[Result "0-1"]
[WhiteElo "1697"]
[BlackElo "2074"]
[PlyCount "104"]
[EventDate "2018.??.??"]
[WhiteTeam "SV Oberursel"]
[BlackTeam "VSG Offenbach"]

1. e4 e6 2. d4 d5 3. exd5 exd5 4. Nf3 Bd6 5. Bg5 Ne7 6. Bd3 Nbc6 7. c3 Bg4 8.
Nbd2 Qd7 9. Qe2 O-O-O 10. O-O-O Rde8 11. Rde1 f6 12. Be3 Nf5 13. Qd1 Bh5 14.
Qa4 Kb8 15. Bb5 a6 16. Bxc6 Qxc6 17. Qxc6 bxc6 18. b4 Re7 19. Nb3 Kc8 20. Na5
Kd7 21. Nb7 Rhe8 22. Bd2 Bxf3 23. gxf3 Rxe1+ 24. Rxe1 Rxe1+ 25. Bxe1 Nh4 26.
Kd1 Nxf3 27. h3 g5 28. a4 h5 29. Bd2 h4 30. Bc1 Ng1 31. Ke1 Nxh3 32. Kf1 g4 33.
Kg2 Nf4+ 34. Bxf4 Bxf4 35. Nc5+ Kd6 36. Nxa6 h3+ 37. Kh1 Bd2 38. a5 Kd7 39.
Nc5+ Kc8 40. a6 Kb8 41. Nd7+ Ka7 42. Nxf6 Bxc3 43. Nxg4 Bxd4 44. f4 Kxa6 45. f5
Kb5 46. f6 Kxb4 47. f7 Bg7 48. Kh2 d4 49. Kxh3 d3 50. Kg2 d2 51. Ne3 Kc3 52.
Nd1+ Kc2 0-1

[Event "Frankfurt Ch A 2017"]
[Site "Ffm-Höchst, BiKuZ"]
[Date "2018.04.30"]
[Round "1.15"]
[White "Wagner, Günter"]
[Black "Schwenkreis, Thomas"]
[Result "0-1"]
[WhiteElo "1687"]
[BlackElo "2040"]
[PlyCount "120"]
[EventDate "2018.??.??"]
[WhiteTeam "SV Groß-Gerau"]
[BlackTeam "SV Oberursel"]

1. Nf3 Nf6 2. g3 g6 3. Bg2 Bg7 4. c4 O-O 5. O-O d6 6. d3 e5 7. Nbd2 Nc6 8. Rb1
Nh5 9. e4 Qe8 10. b4 f5 11. b5 Ne7 12. Qb3 c5 13. bxc6 Nxc6 14. exf5 gxf5 15.
Ba3 Rf6 16. Nh4 Nd4 17. Qd1 Rb8 18. Bd5+ Kh8 19. Ndf3 Nxf3+ 20. Nxf3 f4 21. Ng5
Qg6 22. Nf7+ Rxf7 23. Bxf7 Qxf7 24. Bxd6 Ra8 25. Qf3 Qg6 26. c5 Bh3 27. Rfe1
Re8 28. Rxb7 Bg4 29. Qd5 fxg3 30. fxg3 Nf4 31. Qf7 Qxf7 32. Rxf7 Nxd3 33. Re4
Bh5 34. Rxa7 Bg6 35. Rea4 e4 36. Re7 Rc8 37. c6 Bf6 38. Re6 Bg5 39. Bf4 Bxf4
40. gxf4 Nc5 41. Rxg6 hxg6 42. Rc4 Rxc6 43. a4 Kg7 44. a5 Rc7 45. Kf2 Kf6 46.
Ke2 Ke6 47. Ke3 Kd5 48. Rc2 Rh7 49. Rg2 Rh3+ 50. Rg3 Rxh2 51. Rxg6 Rh3+ 52. Ke2
Ne6 53. Rg8 Nxf4+ 54. Ke1 Kd4 55. a6 Ra3 56. Rh8 Ke3 57. Kd1 Kf3 58. a7 e3 59.
Kc2 e2 60. Kb2 Rxa7 0-1

[Event "Frankfurt Ch A 2017"]
[Site "Ffm-Höchst, BiKuZ"]
[Date "2018.04.30"]
[Round "1.16"]
[White "Koch, Markus"]
[Black "Dohmes, Swidbert"]
[Result "1-0"]
[WhiteElo "2039"]
[BlackElo "1685"]
[PlyCount "39"]
[EventDate "2018.??.??"]
[WhiteTeam "SC Brett vorm Kopp"]
[BlackTeam "SV Hofheim"]

1. d4 Nf6 2. Bg5 d5 3. Bxf6 exf6 4. c4 Bb4+ 5. Nc3 O-O 6. e3 Be6 7. Nge2 dxc4
8. Nf4 c5 9. Nxe6 fxe6 10. Bxc4 Re8 11. O-O cxd4 12. exd4 Nc6 13. d5 Bxc3 14.
dxc6 Bxb2 15. Rb1 Be5 16. cxb7 Rb8 17. Qg4 Qe7 18. Rfd1 Rxb7 19. Qxe6+ Kf8 20.
Qg8# 1-0

[Event "Frankfurt Ch A 2017"]
[Site "Ffm-Höchst, BiKuZ"]
[Date "2018.04.30"]
[Round "1.17"]
[White "Steiz, Johann"]
[Black "Schmidt, Markus"]
[Result "0-1"]
[WhiteElo "1681"]
[BlackElo "2034"]
[PlyCount "40"]
[EventDate "2018.??.??"]
[WhiteTeam "SV Dormagen"]
[BlackTeam "SK Turm Bad Hersfeld"]

1. e4 c5 2. Nc3 g6 3. f4 Bg7 4. Nf3 Nc6 5. Bb5 Nd4 6. O-O a6 7. Be2 e6 8. a4
Ne7 9. d3 O-O 10. Be3 d5 11. Bd2 Rb8 12. Rb1 b5 13. axb5 axb5 14. b4 Qb6 15.
Kh1 cxb4 16. Rxb4 Qc5 17. Na4 Qa7 18. Nxd4 Bxd4 19. c3 Bg7 20. Qb3 bxa4 0-1

[Event "Frankfurt Ch A 2017"]
[Site "Ffm-Höchst, BiKuZ"]
[Date "2018.04.30"]
[Round "1.18"]
[White "Calvi, Stefan"]
[Black "Viol, Julius"]
[Result "1-0"]
[WhiteElo "2019"]
[BlackElo "1675"]
[PlyCount "73"]
[EventDate "2018.??.??"]
[WhiteTeam "SF Frankfurt"]
[BlackTeam "FC Bierstadt"]

1. e4 c5 2. c3 Nf6 3. e5 Nd5 4. d4 cxd4 5. Nf3 Nc6 6. Bc4 Nb6 7. Bb3 dxc3 8.
Nxc3 e6 9. Bg5 Be7 10. Bxe7 Qxe7 11. O-O O-O 12. a3 Rb8 13. Qd3 Na8 14. Bc2 g6
15. Ne4 Nc7 16. Nf6+ Kh8 17. Qe3 Ne8 18. Ng4 f5 19. exf6 Nxf6 20. Nge5 Qg7 21.
Rad1 Nd5 22. Qg5 Nxe5 23. Nxe5 Qf6 24. Qg3 Nf4 25. Rfe1 Rd8 26. Re4 Nh5 27.
Nxg6+ hxg6 28. Qxb8 d5 29. Qe5 Rf8 30. Qxf6+ Rxf6 31. Rh4 Kg7 32. Rd2 b6 33. g3
Bb7 34. Bd1 Rf5 35. Ra4 a6 36. g4 Rg5 37. f4 1-0

[Event "Frankfurt Ch A 2017"]
[Site "Ffm-Höchst, BiKuZ"]
[Date "2018.04.30"]
[Round "1.19"]
[White "Knödler, Marcel"]
[Black "Zweschper, Erich"]
[Result "1/2-1/2"]
[WhiteElo "1672"]
[BlackElo "2007"]
[PlyCount "94"]
[EventDate "2018.??.??"]
[WhiteTeam "FC Bierstadt"]
[BlackTeam "SV Kelsterbach"]

1. c4 g6 2. g3 Bg7 3. Bg2 e5 4. Nc3 Ne7 5. d3 O-O 6. e3 c6 7. Nge2 d5 8. cxd5
cxd5 9. d4 e4 10. Bd2 Nbc6 11. a3 a5 12. Na4 Bg4 13. h3 Bf5 14. Rc1 h5 15. Qb3
Re8 16. Qb6 Qb8 17. Nec3 Rd8 18. Nb5 Ra6 19. Qc7 Qxc7 20. Nxc7 Ra7 21. Nb5 Raa8
22. O-O Nc8 23. Rc3 N8a7 24. Nxa7 Rxa7 25. Rcc1 Bf8 26. Rfe1 Raa8 27. Bf1 Rac8
28. Kg2 Rb8 29. Bb5 Na7 30. Be2 b6 31. Rc7 Nc8 32. Rec1 Bd6 33. R7c2 Na7 34. g4
Bd7 35. Nc3 hxg4 36. Bxg4 f5 37. Be2 Be6 38. Nb5 Nxb5 39. Bxb5 Kf7 40. b4 axb4
41. Bxb4 Bxb4 42. axb4 Rbc8 43. Rxc8 Rxc8 44. Rxc8 Bxc8 45. Bc6 Be6 46. Kg3 Kf6
47. Kh4 Bf7 1/2-1/2

[Event "Frankfurt Ch A 2017"]
[Site "Ffm-Höchst, BiKuZ"]
[Date "2018.04.30"]
[Round "1.20"]
[White "Bennedik, Martin"]
[Black "Senatov, Boris"]
[Result "1-0"]
[WhiteElo "2006"]
[BlackElo "1667"]
[PlyCount "65"]
[EventDate "2018.??.??"]
[WhiteTeam "SV Frankfurt Nord"]
[BlackTeam "SC Heusenstamm"]

1. e4 c5 2. Nf3 d6 3. d4 cxd4 4. Nxd4 Nf6 5. Nc3 a6 6. Be2 e5 7. Nb3 Be7 8. Bg5
Be6 9. Qd3 Nbd7 10. O-O-O b5 11. Bxf6 Nxf6 12. Nd5 Bxd5 13. exd5 O-O 14. f4 e4
15. Qe3 Qc7 16. g4 Rfc8 17. c3 h6 18. h4 a5 19. g5 a4 20. gxf6 Bxf6 21. Nd4 a3
22. b3 Qb6 23. Kb1 b4 24. c4 Re8 25. Nf5 Qb8 26. h5 Rc8 27. Rhg1 Kh7 28. Nd4
Qb6 29. Bg4 Rc7 30. Nf5 Qa6 31. Ng3 Re7 32. Nxe4 Kh8 33. Bf5 1-0

[Event "Frankfurt Ch A 2017"]
[Site "Ffm-Höchst, BiKuZ"]
[Date "2018.04.30"]
[Round "1.21"]
[White "Merten, Rainer"]
[Black "Nekhamkis, Genadi"]
[Result "0-1"]
[WhiteElo "1670"]
[BlackElo "1992"]
[PlyCount "78"]
[EventDate "2018.??.??"]
[WhiteTeam "SV Frankfurt Nord"]
[BlackTeam "SK Marburg"]

1. d4 f5 2. Nf3 g6 3. c4 Nf6 4. Nc3 d6 5. g3 Bg7 6. Bg2 O-O 7. O-O Nc6 8. e3 a6
9. Bd2 Qe8 10. Rc1 e5 11. Nd5 Qd8 12. Bc3 e4 13. Nd2 Ne7 14. Nxf6+ Bxf6 15. f3
exf3 16. Nxf3 Nc6 17. Qb3 Kh8 18. Nd2 Re8 19. Rce1 a5 20. a4 Ra6 21. c5 Nb4 22.
Bxb4 axb4 23. Qxb4 dxc5 24. Qxc5 Rxa4 25. b3 Rxd4 26. Nf3 Rd3 27. Kh1 b6 28.
Qc2 Bb7 29. Rd1 Rexe3 30. Rxd3 Rxd3 31. b4 Be4 32. Qc4 Qd5 33. Qxd5 Bxd5 34. h4
Rb3 35. Kh2 Rxb4 36. Re1 Rb3 37. Nd2 Rb2 38. Re2 Bxg2 39. Rxg2 c5 0-1

[Event "Frankfurt Ch A 2017"]
[Site "Ffm-Höchst, BiKuZ"]
[Date "2018.04.30"]
[Round "1.22"]
[White "Bischoff, Ulrich"]
[Black "Ackermann, Robert"]
[Result "1/2-1/2"]
[WhiteElo "1991"]
[BlackElo "1666"]
[PlyCount "44"]
[EventDate "2018.??.??"]
[WhiteTeam "Sfr. Erbach"]
[BlackTeam "SC Bad Soden"]

1. Nf3 Nf6 2. c4 g6 3. g3 Bg7 4. Bg2 O-O 5. d4 d6 6. Nc3 Na6 7. O-O c5 8. d5
Bd7 9. e4 Ng4 10. Qe2 Nc7 11. h3 Ne5 12. Ne1 f5 13. f4 Nf7 14. exf5 gxf5 15.
Nf3 Rb8 16. a4 a6 17. a5 b5 18. axb6 Rxb6 19. Rd1 Re8 20. Be3 Qb8 21. Ra2 e5
22. Rd2 Rb3 1/2-1/2

[Event "Frankfurt Ch A 2017"]
[Site "Ffm-Höchst, BiKuZ"]
[Date "2018.04.30"]
[Round "1.23"]
[White "Krischak, Werner"]
[Black "Nagelsdiek, Ralf"]
[Result "0-1"]
[WhiteElo "1649"]
[BlackElo "1991"]
[PlyCount "70"]
[EventDate "2018.??.??"]
[WhiteTeam "SK Marburg"]
[BlackTeam "SC Bad Soden"]

1. d4 Nf6 2. Nf3 d5 3. c4 g6 4. e3 Bg7 5. Be2 O-O 6. O-O c6 7. Nc3 b6 8. b3
Nbd7 9. Bb2 Bb7 10. Qc2 dxc4 11. bxc4 Qc7 12. Rac1 e6 13. Qb3 Rfe8 14. Rfd1 e5
15. dxe5 Ng4 16. e6 Rxe6 17. Nd5 Qb8 18. Bxg7 Kxg7 19. h3 Nge5 20. Ng5 cxd5 21.
Nxe6+ fxe6 22. cxd5 Bxd5 23. Qc3 Nf6 24. f4 Nf7 25. g4 g5 26. e4 Bxe4 27. Rd7
Kg6 28. f5+ exf5 29. gxf5+ Bxf5 30. Rxf7 Kxf7 31. Rf1 Qc8 32. Qf3 Qc5+ 33. Rf2
Ne4 34. Qxe4 Qxf2+ 35. Kxf2 Bxe4 0-1

[Event "Frankfurt Ch A 2017"]
[Site "Ffm-Höchst, BiKuZ"]
[Date "2018.04.30"]
[Round "1.24"]
[White "Schreiner, Roland"]
[Black "Rehn, Peter"]
[Result "1-0"]
[WhiteElo "1968"]
[BlackElo "1649"]
[PlyCount "96"]
[EventDate "2018.??.??"]
[WhiteTeam "SC Heusenstamm"]
[BlackTeam "SV Worms"]

1. d4 Nf6 2. Nf3 g6 3. c4 Bg7 4. Nc3 d6 5. e4 O-O 6. Be2 Nbd7 7. O-O e5 8. Re1
c6 9. Bg5 h6 10. Bh4 a6 11. d5 c5 12. a3 Qc7 13. Nd2 Nh7 14. f3 f5 15. b4 Bf6
16. Bf2 Bg5 17. Nb3 b6 18. Rb1 cxb4 19. axb4 a5 20. Nb5 Qb8 21. c5 a4 22. c6
axb3 23. cxd7 Bxd7 24. Qxb3 Rc8 25. Ra1 Bxb5 26. Bxb5 Rxa1 27. Rxa1 Rc1+ 28.
Rxc1 Bxc1 29. Qc2 Bg5 30. exf5 gxf5 31. Qxf5 Qc7 32. Bc6 Qa7 33. Qg6+ Kh8 34.
Qe8+ Kg7 35. Qd7+ Qxd7 36. Bxd7 Bd2 37. b5 Nf6 38. Be6 Ba5 39. Be3 Ne8 40. Bd7
Nf6 41. Bc6 Kg6 42. Kf2 h5 43. g3 Kf5 44. h3 Nh7 45. g4+ hxg4 46. fxg4+ Ke4 47.
g5 Kf5 48. h4 Kg6 1-0

[Event "Frankfurt Ch A 2017"]
[Site "Ffm-Höchst, BiKuZ"]
[Date "2018.04.30"]
[Round "1.25"]
[White "Winter, Olaf"]
[Black "Kuban, Günther"]
[Result "0-1"]
[WhiteElo "1646"]
[BlackElo "1967"]
[PlyCount "82"]
[EventDate "2018.??.??"]
[WhiteTeam "SK Bad Homburg"]
[BlackTeam "SV Oberursel"]

1. c4 e5 2. Nc3 Nf6 3. e3 Nc6 4. a3 g6 5. g3 Bg7 6. Bg2 O-O 7. Nge2 a5 8. O-O
d6 9. h3 Be6 10. b3 Qd7 11. Kh2 d5 12. d3 Rad8 13. Qc2 Rfe8 14. Rd1 d4 15. Na4
b6 16. e4 h6 17. f4 Nh7 18. Rf1 f6 19. f5 gxf5 20. exf5 Bf7 21. g4 e4 22. Bf4
Ng5 23. h4 Nf3+ 24. Bxf3 exf3 25. Rxf3 Bf8 26. Ng3 Bd6 27. Ne4 Rxe4 28. dxe4
Ne5 29. Rg3 Kh7 30. Qd2 Rg8 31. Kh3 Bxc4 32. Nxb6 cxb6 33. bxc4 Qg7 34. Rag1
Nxc4 35. Qxd4 Bxf4 36. Qxc4 Bxg3 37. Rxg3 Qe7 38. Qc6 Rg7 39. Rb3 Qe5 40. Rxb6
Qf4 41. Qxf6 Qxg4+ 0-1

[Event "Frankfurt Ch A 2017"]
[Site "Ffm-Höchst, BiKuZ"]
[Date "2018.04.30"]
[Round "1.26"]
[White "Pfeffer, Marko"]
[Black "Stricker, Konstantin"]
[Result "1-0"]
[WhiteElo "1967"]
[BlackElo "1645"]
[PlyCount "71"]
[EventDate "2018.??.??"]
[WhiteTeam "SC Bergen-Enkheim"]
[BlackTeam "SC Eschbach"]

1. e4 c5 2. a3 Nc6 3. b4 cxb4 4. d4 e6 5. axb4 Bxb4+ 6. c3 Be7 7. Qg4 g6 8. e5
d6 9. Nf3 dxe5 10. dxe5 Bf8 11. Bc4 Bg7 12. Bf4 Nh6 13. Qh3 Nf5 14. g4 Nfe7 15.
O-O Qc7 16. Re1 a6 17. Nbd2 h5 18. Ne4 hxg4 19. Qxg4 Nf5 20. Nf6+ Kf8 21. Ng5
Rh4 22. Ngh7+ Ke7 23. Qg5 Bh6 24. Nd5+ Kd7 25. Nhf6+ Kd8 26. Ng8+ Nce7 27. Nxh6
exd5 28. Nxf5 Rh5 29. Qxe7+ Qxe7 30. Nxe7 dxc4 31. Nd5 Be6 32. Nf6 Rh4 33. Bg3
Rh3 34. Red1+ Ke7 35. Rdb1 b5 36. Rxb5 1-0

[Event "Frankfurt Ch A 2017"]
[Site "Ffm-Höchst, BiKuZ"]
[Date "2018.04.30"]
[Round "1.27"]
[White "Mühlbach, Christian"]
[Black "Krüger, Till"]
[Result "0-1"]
[WhiteElo "1641"]
[BlackElo "1956"]
[PlyCount "64"]
[EventDate "2018.??.??"]
[WhiteTeam "SK Langen"]
[BlackTeam "SC Nidderau"]

1. Nf3 d6 2. d4 Nf6 3. g3 Nbd7 4. Nbd2 e5 5. dxe5 dxe5 6. e4 Bc5 7. Bg2 O-O 8.
O-O Re8 9. Ne1 b5 10. Nd3 Bb6 11. a4 c6 12. c4 Bb7 13. cxb5 cxb5 14. axb5 Qc7
15. b4 Bd4 16. Bb2 Bxb2 17. Nxb2 Nb6 18. Qb3 Red8 19. Rac1 Qd7 20. Rfd1 Qxb5
21. Rc7 Nbd7 22. Na4 Bc6 23. Nc5 Qb6 24. Nxd7 Qxc7 25. Nxf6+ gxf6 26. Qe3 Qd6
27. Bf3 Kg7 28. Nc4 Qxb4 29. Rxd8 Rxd8 30. Nxe5 Bb5 31. Ng4 Qb1+ 32. Kg2 Qf1#
0-1

[Event "Frankfurt Ch A 2017"]
[Site "Ffm-Höchst, BiKuZ"]
[Date "2018.04.30"]
[Round "1.28"]
[White "Bagatsch, Thomas"]
[Black "Balzereit, Georg"]
[Result "1-0"]
[WhiteElo "1944"]
[BlackElo "1631"]
[PlyCount "85"]
[EventDate "2018.??.??"]
[WhiteTeam "SC Brett vorm Kopp"]
[BlackTeam "vereinslos"]

1. e4 c5 2. Nf3 d6 3. Bb5+ Bd7 4. Bxd7+ Qxd7 5. O-O Nc6 6. c3 Nf6 7. Re1 e6 8.
d4 cxd4 9. cxd4 Be7 10. d5 Ne5 11. Nc3 Nxf3+ 12. Qxf3 O-O 13. Be3 e5 14. h3 Ne8
15. Qe2 f5 16. f3 Bh4 17. Rec1 f4 18. Bf2 Bxf2+ 19. Qxf2 Rf6 20. Rc2 Rg6 21.
Kh1 Nf6 22. Rac1 Rc8 23. Qxa7 Nh5 24. Ne2 Rf8 25. a4 h6 26. Rc7 Qd8 27. Qf2 Qa8
28. b3 Qa6 29. R7c4 b5 30. Rc6 Qa5 31. Qe1 Qxe1+ 32. Rxe1 bxa4 33. bxa4 Ng3+
34. Kg1 Nxe2+ 35. Rxe2 Rb8 36. Ra2 Rb1+ 37. Kf2 Rh1 38. a5 Rh2 39. Kg1 Rxh3 40.
a6 Rxf3 41. a7 Rfg3 42. a8=Q+ Kh7 43. Rc8 1-0